000
00284nam a2200121 4500
999
_c
10899
_d
10899
003
OSt
005
20221021141443.0
008
221021b ||||| |||| 00| 0 eng d
100
_a
George A Mitchell
245
_a
Building construction and drawing
260
_b
Batsford
942
_2
ddc